Logo BPK

Biblioteka

Politechniki Koszalińskiej

Geotechnical Aspects of Soft Clays. Proceedings of the International Symposium on Soft Clay Asian Institute of Technology, Bangkok, Thailand 5-6 July, 1977 / (Rekord nr 17848)

Szczegóły MARC
000 -ETYKIETA REKORDU
podpole kontrolne o stałej długości 00529nam a2200145 i 4500
001 - NUMER KONTROLNY REKORDU
pole kontrolne bg
040 ## - ŹRÓDŁO KATALOGOWANIA
Instytucja, która utworzyła rekord BPK
041 ## - KOD JĘZYKA
Kod języka tekstu pol
080 ## - UNIWERSALNA KLASYFIKACJA DZIESIĘTNA - UKD
UKD 55
008 - POLE O STAŁEJ DŁUGOŚCI - DANE KONTROLNE
podpole kontrolne o stałej długości s pl f |000 0 pol
245 #0 - TYTUŁ/ODPOWIEDZIALNOŚĆ
Tytuł Geotechnical Aspects of Soft Clays. Proceedings of the International Symposium on Soft Clay Asian Institute of Technology, Bangkok, Thailand 5-6 July, 1977 /
Pozostałe elementy strefy tytułu i oznaczenia odpowiedzialności Edited by R. P. Brenner a. E. W. Brand.
260 ## - STREFA ADRESU WYDAWNICZEGO
Miejsce wydania Bankok :
Nazwa wydawcy/dystrybutora Asian Instituteof the Technol.,
Data publikacji, dystrybucji/powstania dokumentu 1977.
300 ## - STREFA OPISU FIZYCZNEGO
Objętość s. IX, 704 :
Inne cechy fizyczne rys., tab., mapy.
856 ## - LOKALIZACJA I DOSTĘP DO ELEKTRONICZNYCH DOKUMENTÓW ZDALNYCH
Link (URL) http://koha.tu.koszalin.pl/cgi-bin/koha/opac-detail.pl?biblionumber=17848
Tekst linku Katalog online BPK
942 ## - DODATKOWE ELEMENTY (KOHA)
Typ dokumentu Książka
Egzemplarze
Wycofany Status egzemplarza Uszkodzony Dostępność Lokalizacja stała Lokalizacja bieżąca Miejsce przechowywania Sygnatura Kod kreskowy Typ dokumentu
      Dostępny Biblioteka Politechniki Koszalińskiej Biblioteka Politechniki Koszalińskiej Wypożyczalnia BG 23450 01926859 Książka
© 2023 Biblioteka Politechniki Koszalińskiej :: KOHA